000 00814nam a2200229Ii 4500
003 JO-AjNU
008 230605s9999||||xx |||||||||||||| ||und||
017 _a2020/8/3023
020 _a978-9923-28-066-9
040 _aJO-AjNU
_bara
_erda
_cJO-AjNU
041 _aara
050 1 4 _aBP173.753.W36 2022
100 3 _aوناس، زمان عبيد,
_eauthor
_962847
245 0 0 _aدراسات في الفكر الاقتصادي الاسلامي
250 _aط1
264 3 1 _aعمان: دار صفاء للنشر والتوزيع، 2022
300 _a217ص
336 _atext
_btxt
_2rdacontent
337 _aunmediated
_bn
_2rdamedia
338 _avolume
_bnc
_2rdacarrier
650 4 _aنظام الحكم في الاسلام-الاقتصاد الاسلامي-ادارة الدولة الاسلامية
_962848
999 _aA28478
_c32046
_d32046